Canadian property index launched (Record no. 117293)

MARC details
000 -LEADER
fixed length control field 01224cam a2200265 4500
001 - CONTROL NUMBER
control field WB4017-03
008 - FIXED-LENGTH DATA ELEMENTS--GENERAL INFORMATION
fixed length control field 040505n2004 000 0 eng u
035 ## - SYSTEM CONTROL NUMBER
System control number (Sirsi) u126101
245 ## - TITLE STATEMENT
Title Canadian property index launched
260 ## - PUBLICATION, DISTRIBUTION, ETC.
Date of publication, distribution, etc. 2004
490 ## - SERIES STATEMENT
Series statement IPD Press Release
Volume/sequential designation 26 April 2004 (3)
520 ## - SUMMARY, ETC.
Summary, etc. IPD and the Institute of CanadianReal Estate Investment Managers have published the 2003 "ICREIM/IPD Canadian property index". It reports the total return on direct investment in properties was 8.2% in 2003, down from 8.9% in 2002, 9.3% in 2001 and 12.1% in 2000. Total returns varied according to property sector, with retail at 12.1%, industrial 11.7% and office 5.4%. Residential fell to 2.9%. Copies of the index can be downloaded from http://www.ipdindex.co.uk. http://www.ipdindex.co.uk/about_ipd/press_releases /Canadianpress03.asp
590 ## - LOCAL NOTE (RLIN)
Local note WB
590 ## - LOCAL NOTE (RLIN)
Local note WB
650 ## - SUBJECT ADDED ENTRY--TOPICAL TERM
Topical term or geographic name entry element CANADA
650 ## - SUBJECT ADDED ENTRY--TOPICAL TERM
Topical term or geographic name entry element PROPERTY RETURNS
650 ## - SUBJECT ADDED ENTRY--TOPICAL TERM
Topical term or geographic name entry element PROPERTY INDEXES
650 ## - SUBJECT ADDED ENTRY--TOPICAL TERM
Topical term or geographic name entry element OFFICE INVESTMENT
650 ## - SUBJECT ADDED ENTRY--TOPICAL TERM
Topical term or geographic name entry element INDUSTRIAL RETURNS
650 ## - SUBJECT ADDED ENTRY--TOPICAL TERM
Topical term or geographic name entry element RESIDENTIAL MARKET
650 ## - SUBJECT ADDED ENTRY--TOPICAL TERM
Topical term or geographic name entry element RETAIL INVESTMENT
650 ## - SUBJECT ADDED ENTRY--TOPICAL TERM
Topical term or geographic name entry element ICREAM/IPD CANADIAN PROPERTY INDEX
690 ## - LOCAL SUBJECT ADDED ENTRY--TOPICAL TERM (OCLC, RLIN)
Topical term or geographic name as entry element COMMERCIAL PROPERTY-INVESTMENT
942 ## - ADDED ENTRY ELEMENTS (KOHA)
Suppress in OPAC 0
Holdings
Withdrawn status Lost status Source of classification or shelving scheme Damaged status Not for loan Home library Current library Shelving location Date acquired Total Checkouts Full call number Barcode Date last seen Copy number Price effective from Koha item type
    Dewey Decimal Classification     London London News article 05/05/2004   WB4017-03 126101-1001 06/08/2019 1 06/08/2019 News article